000 00773nam a2200205Ia 4500
003 GCL
008 140319s9999 xx 000 0 ara d
040 _aGCL /
_cGCL
082 0 4 _a152.8
_bم ق
100 1 _aمحمد عبدالسلام احمد
245 1 0 _aالقياس النفسى والتربوى: التعريف بالقياس ومفاهيمه وادواته,بناء المقاييس ومميزاتها,القياس التربوى /
_cمحمد عبدالسلام احمد
260 _a[S.N] :
_bمكتبة النهضة المصرية ،
_c1960
300 _a700 ص
490 _a
650 0 4 _aالقياس
650 0 4 _aالقياس التربوى
650 0 4 _aعلم النفس التربوى
650 0 4 _aالقياس النفسى
942 _2ddc
_cBK
999 _c54434
_d54434